[Event "Moscow-chT"]
[Site "Moscow"]
[Date "2015.10.15"]
[Round "1.1"]
[White "Denishev, Marat"]
[Black "Maslov, Ivan"]
[Result "1-0"]
[WhiteElo "2256"]
[BlackElo "2172"]
[PlyCount "97"]
[EventDate "2015.10.15"]
[EventType "team-swiss"]
[EventRounds "9"]
[EventCountry "RUS"]
[SourceTitle "CBM 168 Extra"]
[Source "ChessBase"]
[SourceDate "2015.10.29"]
[SourceVersion "1"]
[SourceVersionDate "2015.10.29"]
[SourceQuality "1"]
[WhiteTeam "Kalinichev Andrei"]
[BlackTeam "Palace"]
[WhiteTeamCountry "RUS"]
[BlackTeamCountry "RUS"]

1. Nf3 Nf6 2. c4 g6 3. Nc3 Bg7 4. e4 d6 5. d4 0-0 6. Be2 e5 7. d5 a5 8. 0-0 Na6 9. Bg5 h6 10. Bh4 g5 11. Bg3 Nh5 12. Nd2 Nf4 13. Bg4 Bxg4 14. Qxg4 h5 15. Qf5 Ng6 16. h3 Bh6 17. Rfd1 Nb4 18. Ne2 Qc8 19. a3 Nd3 20. Qf3 Ndf4 21. Bxf4 g4 22. hxg4 hxg4 23. Qd3 Nxf4 24. Nxf4 Bxf4 25. g3 Bg5 26. Kg2 f5 27. exf5 Bxd2 28. Rxd2 Qxf5 29. Qxf5 Rxf5 30. Rh1 b6 31. Rh4 Rg5 32. Re2 c6 33. dxc6 Rc8 34. Re4 Rxc6 35. Rexg4 Rxg4 36. Rxg4+ Kf7 37. Kf3 Rc5 38. Ke3 Kf6 39. Rh4 Kg7 40. a4 Rc8 41. b3 Rf8 42. Rh2 Kg6 43. Ke4 Kg5 44. f3 Kg6 45. Rf2 Rf6 46. Kd5 Kg5 47. Rf1 e4 48. Kxe4 Re6+ 49. Kd3 1-0

[Event "RUS-chT U18"]
[Site "St Petersburg"]
[Date "2015.08.04"]
[Round "4.30"]
[White "Maslov, Ivan"]
[Black "Yeritsyan, Aram"]
[Result "1-0"]
[WhiteElo "2264"]
[BlackElo "2117"]
[PlyCount "89"]
[EventDate "2015.08.01"]
[EventType "team-swiss"]
[EventRounds "9"]
[EventCountry "RUS"]
[SourceTitle "CBM 167 Extra"]
[Source "ChessBase"]
[SourceDate "2015.09.14"]
[SourceVersion "1"]
[SourceVersionDate "2015.09.14"]
[SourceQuality "1"]
[WhiteTeam "Moscow Palace Youth"]
[BlackTeam "Moscow Palace Youth II"]
[WhiteTeamCountry "RUS"]
[BlackTeamCountry "RUS"]

1. d4 d5 2. c4 c6 3. cxd5 cxd5 4. Bf4 Nc6 5. e3 Bf5 6. Nc3 e6 7. Qb3 Qd7 8. Nf3 Nf6 9. Ne5 Qc8 10. Bb5 Nd7 11. 0-0 Be7 12. Rac1 Ndxe5 13. Bxe5 0-0 14. Na4 Nxe5 15. Rxc8 Rfxc8 16. Nc3 Nc6 17. Rc1 Na5 18. Qd1 a6 19. Bd3 Bxd3 20. Qxd3 b5 21. Rc2 Rc4 22. g3 Rac8 23. Re2 Bb4 24. Nd1 Rc1 25. Kg2 Nc4 26. e4 dxe4 27. Rxe4 Nd6 28. Re2 Nf5 29. d5 Rd8 30. Nc3 Bxc3 31. bxc3 g6 32. Qd2 Ra1 33. Qb2 Rd1 34. dxe6 fxe6 35. Rxe6 R1d2 36. Qb3 Kg7 37. Rxa6 Rf8 38. Ra7+ Kh6 39. Qb4 Ne3+ 40. Kh3 Rf5 41. fxe3 Rh5+ 42. Kg4 Rg5+ 43. Kf3 Rf5+ 44. Ke4 Rg5 45. Qf8+ 1-0

[Event "Moscow Petrosian Memorial op"]
[Site "Moscow"]
[Date "2015.01.08"]
[Round "5"]
[White "Savenkov, Konstantin"]
[Black "Maslov, Ivan"]
[Result "1-0"]
[WhiteElo "2363"]
[BlackElo "2257"]
[PlyCount "67"]
[EventDate "2015.01.04"]
[EventType "swiss"]
[EventRounds "9"]
[EventCountry "RUS"]
[SourceTitle "CBM 164 Extra"]
[Source "ChessBase"]
[SourceDate "2015.03.02"]
[SourceVersion "1"]
[SourceVersionDate "2015.03.02"]
[SourceQuality "1"]

1. e4 c5 2. Nf3 Nc6 3. d3 g6 4. g3 Bg7 5. Bg2 d6 6. 0-0 e5 7. c3 Nge7 8. Be3 0-0 9. a3 Bg4 10. b4 cxb4 11. axb4 Qd7 12. Qb3 b6 13. Nbd2 d5 14. exd5 Nxd5 15. Nxe5 Nxe5 16. Qxd5 Qxd5 17. Bxd5 Rad8 18. c4 Be2 19. Rxa7 Bxf1 20. Kxf1 Rd7 21. Bxb6 Rxa7 22. Bxa7 Nxd3 23. c5 Re8 24. Nb3 Re1+ 25. Kg2 Rb1 26. b5 Nb4 27. Bc4 Be5 28. f4 Nc2 29. fxe5 Ne3+ 30. Kh3 Nxc4 31. c6 Rxb3 32. c7 Nb6 33. Bxb6 Rc3 34. Ba5 1-0

[Event "Wch U16"]
[Site "Durban"]
[Date "2014.09.26"]
[Round "8"]
[White "Kumaran, Bajali"]
[Black "Maslov, Ivan"]
[Result "1/2-1/2"]
[WhiteElo "2239"]
[BlackElo "2095"]
[PlyCount "74"]
[EventDate "2014.09.20"]
[EventType "swiss"]
[EventRounds "11"]
[EventCountry "RSA"]
[SourceTitle "CBM 162 Extra"]
[Source "ChessBase"]
[SourceDate "2014.10.17"]
[SourceVersion "1"]
[SourceVersionDate "2014.10.17"]
[SourceQuality "1"]

1. e4 c5 2. Nf3 Nc6 3. d4 cxd4 4. Nxd4 e5 5. Nb5 d6 6. N1c3 a6 7. Na3 b5 8. Nd5 Nce7 9. c4 Nxd5 10. exd5 bxc4 11. Nxc4 Be7 12. Bd2 a5 13. Be3 Bd7 14. Nb6 Rb8 15. Nxd7 Qxd7 16. a4 Qb7 17. Bb5+ Kf8 18. Rc1 Rc8 19. Rxc8+ Qxc8 20. Qd2 Bd8 21. 0-0 Ne7 22. Rc1 Qb8 23. Rd1 Nf5 24. Rc1 Nxe3 25. Qxe3 Bb6 26. Qh3 Bc5 27. Rc3 g6 28. Qh6+ Kg8 29. Rf3 Qf8 30. Qg5 h6 31. Qh4 f5 32. Bd7 Kg7 33. Qc4 Qe7 34. Be6 Rb8 35. b3 Rb4 36. Qa6 e4 37. Rc3 Qc7 1/2-1/2

[Event "Wch U16"]
[Site "Durban"]
[Date "2014.09.22"]
[Round "4"]
[White "Maslov, Ivan"]
[Black "Lenaerts, Lennert"]
[Result "1-0"]
[WhiteElo "2095"]
[BlackElo "2329"]
[PlyCount "71"]
[EventDate "2014.09.20"]
[EventType "swiss"]
[EventRounds "11"]
[EventCountry "RSA"]
[SourceTitle "CBM 162 Extra"]
[Source "ChessBase"]
[SourceDate "2014.10.17"]
[SourceVersion "1"]
[SourceVersionDate "2014.10.17"]
[SourceQuality "1"]

1. d4 d5 2. c4 c6 3. cxd5 cxd5 4. Bf4 Nc6 5. e3 Nf6 6. Nc3 a6 7. Bd3 Bg4 8. Nge2 e6 9. 0-0 Bd6 10. f3 Bh5 11. Rc1 Bg6 12. Na4 Bxd3 13. Qxd3 Bxf4 14. Nxf4 0-0 15. Nc5 Qe7 16. Qb3 Na5 17. Qc3 Nc4 18. b3 Nd6 19. Qb4 Rfe8 20. Nfd3 Rac8 21. e4 a5 22. Qe1 dxe4 23. fxe4 Nb5 24. e5 Nd5 25. Qf2 Nbc3 26. Nf4 b6 27. Nxd5 exd5 28. Rxc3 bxc5 29. Rfc1 Qg5 30. h4 Qh6 31. R1c2 Re6 32. Rxc5 Rec6 33. Qf5 Qe3+ 34. Kh2 g6 35. Qg5 Rxc5 36. Rxc5 1-0

[Event "RUS-chT U20"]
[Site "Kolomna"]
[Date "2014.08.03"]
[Round "2"]
[White "Voloshin, Pavel"]
[Black "Maslov, Ivan"]
[Result "0-1"]
[WhiteElo "2015"]
[BlackElo "2202"]
[PlyCount "116"]
[EventDate "2014.08.02"]
[EventType "swiss"]
[EventRounds "9"]
[EventCountry "RUS"]
[SourceTitle "EXT 2016"]
[Source "ChessBase"]
[SourceDate "2015.10.08"]
[SourceVersion "1"]
[SourceVersionDate "2015.10.08"]
[SourceQuality "1"]

1. e4 c5 2. Nf3 Nc6 3. c3 Nf6 4. e5 Nd5 5. g3 d6 6. exd6 Qxd6 7. Bg2 e5 8. 0-0 Be7 9. d4 cxd4 10. cxd4 e4 11. Ne5 Nxe5 12. dxe5 Qxe5 13. Qa4+ Bd7 14. Qxe4 Qxe4 15. Bxe4 Bc6 16. Nc3 Nxc3 17. Bxc6+ bxc6 18. bxc3 0-0-0 19. Be3 Kb7 20. Rab1+ Ka6 21. Rb3 Rb8 22. Rfb1 Rb5 23. Bd4 f6 24. c4 Rxb3 25. axb3 Kb7 26. Ra1 Ra8 27. Ra4 a6 28. c5 Rd8 29. Be3 Rd5 30. Rb4+ Ka7 31. Rh4 h5 32. b4 a5 33. Re4 Re5 34. Rc4 axb4 35. Bd2 Ka6 36. Rxb4 Bxc5 37. Ra4+ Kb5 38. Ra5+ Kc4 39. Kf1 Kd3 40. f4 Rd5 41. Be1 Ke4 42. Ra4+ Kf3 43. Rc4 Kg4 44. Kg2 Kf5 45. h3 Ke6 46. Rc2 Kd6 47. g4 Rd1 48. Ba5 h4 49. Rd2+ Rxd2+ 50. Bxd2 Kd5 51. Kf3 Be7 52. g5 f5 53. Be1 Kd4 54. Bxh4 Kd3 55. Be1 c5 56. h4 c4 57. h5 c3 58. Bxc3 Kxc3 0-1

[Event "Voronezh op-A 18th"]
[Site "Voronezh"]
[Date "2014.06.15"]
[Round "4"]
[White "Oganian, Miran"]
[Black "Maslov, Ivan"]
[Result "1-0"]
[WhiteElo "2378"]
[BlackElo "2202"]
[PlyCount "105"]
[EventDate "2014.06.12"]
[EventType "swiss"]
[EventRounds "9"]
[EventCountry "RUS"]
[SourceTitle "CBM 160 Extra"]
[Source "ChessBase"]
[SourceDate "2014.07.01"]
[SourceVersion "1"]
[SourceVersionDate "2014.07.01"]
[SourceQuality "1"]

1. d4 Nf6 2. Nf3 g6 3. Bg5 Bg7 4. Nbd2 0-0 5. c3 d6 6. e4 c5 7. dxc5 dxc5 8. Be2 Nc6 9. 0-0 Qc7 10. Qc2 h6 11. Bh4 Nh5 12. Rfe1 a6 13. a4 Rb8 14. Nb3 b6 15. a5 Nxa5 16. Nxa5 bxa5 17. Nd2 Nf4 18. Bc4 g5 19. Bg3 Qb6 20. Ra2 Bd7 21. h4 a4 22. hxg5 hxg5 23. Nf3 Qg6 24. Qd2 Rbd8 25. Qe3 Bb5 26. Bxb5 axb5 27. Bxf4 gxf4 28. Qxc5 Rd3 29. Kf1 Qa6 30. Qh5 Rd6 31. Kg1 Rh6 32. Qg5 e5 33. Nh4 Qf6 34. Qxf6 Bxf6 35. Nf5 Rg6 36. Rd1 f3 37. g3 Kh7 38. Rd3 Rd8 39. Rxf3 Bg5 40. c4 Rb6 41. cxb5 Ra8 42. Ne7 Bxe7 43. Rxf7+ Kg6 44. Rxe7 Rxb5 45. Re6+ Kf7 46. Rd6 Rb4 47. f3 Rc8 48. Kg2 Rc2+ 49. Kh3 Rcxb2 50. Rxb2 Rxb2 51. Ra6 Rb3 52. Kg4 a3 53. f4 1-0

[Event "Voronezh op-A 18th"]
[Site "Voronezh"]
[Date "2014.06.14"]
[Round "3"]
[White "Maslov, Ivan"]
[Black "Kozlitin, Oleg"]
[Result "1/2-1/2"]
[WhiteElo "2202"]
[BlackElo "2332"]
[PlyCount "102"]
[EventDate "2014.06.12"]
[EventType "swiss"]
[EventRounds "9"]
[EventCountry "RUS"]
[SourceTitle "CBM 160 Extra"]
[Source "ChessBase"]
[SourceDate "2014.07.01"]
[SourceVersion "1"]
[SourceVersionDate "2014.07.01"]
[SourceQuality "1"]

1. d4 Nf6 2. c4 g6 3. Nc3 Bg7 4. e4 d6 5. Nge2 0-0 6. Ng3 Nc6 7. f3 e5 8. d5 Nd4 9. Be3 c5 10. dxc6 bxc6 11. Bd3 Rb8 12. Qd2 Qa5 13. 0-0 Nd7 14. Rfd1 Nc5 15. Bf1 Nce6 16. b3 h5 17. Nce2 Qxd2 18. Bxd2 h4 19. Nxd4 exd4 20. Nh1 Kh7 21. Nf2 c5 22. g3 Bh6 23. f4 g5 24. f5 hxg3 25. hxg3 Nd8 26. Ng4 f6 27. Ba5 Nb7 28. Bd2 Bg7 29. Bd3 Kg8 30. Rab1 Bd7 31. Re1 Rfe8 32. Re2 Bc6 33. Rf1 Nd8 34. Ba5 Nf7 35. Rfe1 Rb7 36. Kf2 Ne5 37. Nxe5 Rxe5 38. g4 Bf8 39. Rh1 Re8 40. Kf3 Bg7 41. Rhe1 Kf7 42. Kg3 Rh8 43. Rh2 Rxh2 44. Kxh2 Bf8 45. Kg2 Be7 46. Rh1 Kg7 47. Kf3 Rb8 48. Bc2 Bd8 49. Bxd8 Rxd8 50. Bd3 Rb8 51. Bc2 Rb6 1/2-1/2

[Event "Marianske Lazne IM 13th"]
[Site "Marianske Lazne"]
[Date "2014.01.21"]
[Round "4"]
[White "Maslov, Ivan"]
[Black "Utiatskaja, Irina"]
[Result "1-0"]
[WhiteElo "2137"]
[BlackElo "2039"]
[PlyCount "91"]
[EventDate "2014.01.18"]
[EventType "tourn"]
[EventRounds "9"]
[EventCountry "CZE"]
[SourceTitle "CBM 158 Extra"]
[Source "ChessBase"]
[SourceDate "2014.02.28"]
[SourceVersion "1"]
[SourceVersionDate "2014.02.28"]
[SourceQuality "1"]

1. d4 d5 2. c4 e6 3. Nc3 Nf6 4. cxd5 exd5 5. Bg5 Be7 6. e3 0-0 7. Bd3 Nbd7 8. Nge2 b6 9. 0-0 Bb7 10. Rc1 Re8 11. Qc2 a6 12. f3 c5 13. Bh4 c4 14. Bf5 g6 15. Bh3 b5 16. a3 Nb6 17. Bf2 Bc8 18. Bxc8 Rxc8 19. Kh1 Bf8 20. Rce1 Bg7 21. Bg1 Qd7 22. e4 Qc6 23. e5 Nfd7 24. f4 f5 25. g4 fxg4 26. Ng3 Qe6 27. Qg2 Rf8 28. Nd1 Bh6 29. Be3 Bg7 30. Bd2 Rf5 31. Nxf5 gxf5 32. Ne3 h5 33. Qg3 Na4 34. Bc1 Rf8 35. Qh4 a5 36. Qxh5 b4 37. axb4 axb4 38. Nxg4 fxg4 39. f5 Qc6 40. Qxg4 Nf6 41. exf6 Qxf6 42. Re5 Qc6 43. Rg1 Qd7 44. Bh6 Rf7 45. Bxg7 Rxg7 46. Re8+ 1-0

[Event "Minsk op"]
[Site "Minsk"]
[Date "2013.07.17"]
[Round "5"]
[White "Nechaeva, Marina"]
[Black "Maslov, Ivan"]
[Result "1-0"]
[WhiteElo "2368"]
[BlackElo "2078"]
[PlyCount "77"]
[EventDate "2013.07.13"]
[EventType "swiss"]
[EventRounds "9"]
[EventCountry "BLR"]
[SourceTitle "CBM 155 Extra"]
[Source "ChessBase"]
[SourceDate "2013.08.26"]
[SourceVersion "1"]
[SourceVersionDate "2013.08.26"]
[SourceQuality "1"]

1. d4 d6 2. c4 g6 3. e4 Bg7 4. Nc3 Nd7 5. Be3 e5 6. d5 Ne7 7. Bd3 a5 8. Nge2 b6 9. 0-0 0-0 10. Qd2 Nc5 11. Bc2 f5 12. exf5 Nxf5 13. Bg5 Qe8 14. Rae1 Bd7 15. g4 Ne7 16. f3 Kh8 17. Ng3 Ng8 18. Re2 b5 19. b3 a4 20. b4 Na6 21. Nxb5 Bxb5 22. cxb5 Qxb5 23. a3 Bf6 24. Be3 Ne7 25. Rd1 Nb8 26. Rf2 Nd7 27. g5 Bg7 28. h4 Qc4 29. h5 Nf5 30. Nxf5 gxf5 31. h6 Bxh6 32. Rh2 Bg7 33. Qg2 h6 34. Kh1 e4 35. gxh6 Be5 36. f4 Bc3 37. Qg6 Nb6 38. Rg1 Nxd5 39. h7 1-0

[Event "EU-ch U14"]
[Site "Prague"]
[Date "2012.08.20"]
[Round "4"]
[White "Maslov, Ivan"]
[Black "Martins, Guilherme Pires Tav"]
[Result "1/2-1/2"]
[WhiteElo "1975"]
[BlackElo "1761"]
[PlyCount "83"]
[EventDate "2012.08.17"]
[EventType "swiss"]
[EventRounds "9"]
[EventCountry "CZE"]
[SourceTitle "CBM 150 Extra"]
[Source "ChessBase"]
[SourceDate "2012.10.19"]
[SourceVersion "1"]
[SourceVersionDate "2012.10.19"]
[SourceQuality "1"]

1. e4 c5 2. c3 Nf6 3. e5 Nd5 4. d4 cxd4 5. cxd4 e6 6. Nf3 d6 7. Bc4 Nc6 8. 0-0 Nb6 9. Bd3 dxe5 10. dxe5 Be7 11. Nc3 0-0 12. Be4 Nc4 13. Qc2 N4xe5 14. Bxh7+ Kh8 15. Nxe5 Nxe5 16. Qe2 Kxh7 17. Qxe5 Rh8 18. Rd1 Qb6 19. Be3 Qxb2 20. Rab1 Qc2 21. Ne4 f6 22. Qh5+ Kg8 23. Qe8+ Bf8 24. Nd6 Qc6 25. Qxc6 bxc6 26. Ne8 Bd7 27. Nc7 Rd8 28. Rd3 Rh5 29. g4 Ra5 30. Nxe6 Re8 31. Nxf8 Bxg4 32. Rc3 Rxf8 33. Rxc6 Rxa2 34. Rc7 Bf3 35. Rxa7 Rc2 36. h3 Re8 37. Ra3 f5 38. Rab3 Kh7 39. R3b2 Rc6 40. Rb6 Ree6 41. Rxc6 Rxc6 42. Rb6 1/2-1/2